| 000 | 01240cam a22003131i 4500 | ||
|---|---|---|---|
| 003 | SA-RiAUC | ||
| 005 | 20250929124412.0 | ||
| 008 | 250923s1998 su g f000r0bara c | ||
| 040 |
_aSA-RiAUC _bara _cSA-RiAUC _erda |
||
| 050 | 4 | _bZ53 1998 | |
| 082 | 0 | 4 |
_a928.1 _qSA-RiAUC |
| 090 |
_a928.1 _bا ب و م |
||
| 100 | 1 |
_aأبو مدين، عبد الفتاح محمد عبد الله، _d1344 هجري- _eمؤلف. |
|
| 245 | 1 | 0 |
_aحمزة شحاتة : _bظلمة عصره / _cعبد الفتاح أبو مدين. |
| 250 | _aالطبعة الأولى. | ||
| 264 | 1 |
_aجدة، السعودية : _bالنادي الأدبي الثقافي، _c1998 |
|
| 300 |
_a233 صفحة ؛ _c19 سم. |
||
| 336 |
_aنص _btxt _2rdacontent _3كتاب |
||
| 337 |
_aبدون وسيط _bn _2rdamedia |
||
| 338 |
_aمجلد _bnc _2rdacarrier |
||
| 490 | 0 |
_aكتاب النادي الأدبي الثقافي بجدة ؛ _v106 |
|
| 600 | 1 | 7 |
_aشحاتة، حمزة محمد نور، _d1328-1393 هجري _2aucnm |
| 650 | 7 |
_aالشعراء السعوديون _vتراجم _2aucsh |
|
| 653 | _aالتراجم | ||
| 653 | _aالتراجم | ||
| 653 | _aالتراجم | ||
| 942 |
_2ddc _cBOOK _n0 |
||
| 949 |
_aSA-JeALM _d250923 _umohamedma123 _n1 |
||
| 999 |
_c12209 _d12209 |
||